| 000 | 00678nam a2200217 a 4500 | ||
|---|---|---|---|
| 001 | 1293 | ||
| 003 | CDMR | ||
| 005 | 20131209181056.0 | ||
| 008 | 130130s1986||||||||||||||||||||||||||||d | ||
| 020 | _a8431309733 | ||
| 040 |
_aCDMR _bcat _cCDMR |
||
| 100 | 1 |
_aYarce, Jorge _91011 |
|
| 245 | 1 | 0 |
_aFilosofía de la comunicación _ceditor, Jorge Yarce ; Álvaro d'Ors... [et al.] |
| 260 |
_aPamplona _c1986 _bEdiciones Universidad de Navarra |
||
| 300 | _a289 p. | ||
| 490 | 0 | _aCiencias de la Información (EUNSA) | |
| 650 | 0 | 4 |
_94353 _aComunicació _xFilosofia |
| 650 | 0 | 4 |
_94289 _aComunicació _xAspectes socials |
| 650 | 0 | 4 |
_92305 _aComunicació _xAspectes polítics |
| 942 |
_cMON _2udc |
||
| 999 |
_c1293 _d1293 |
||